000
00216 a2200097 4500
001
18156
100
_a
Baylen, F J
245
_a
Introduction to fluid dynamics
260
_a
_b
Allen & Unwin
_c
090
_c
13450
_d
13450
942
_a
NUST-CAE
_c
M
_c
3837
999
_c
253229
_d
253229